| 000 | 00740nam a22001937a 4500 | ||
|---|---|---|---|
| 005 | 20250609124713.0 | ||
| 010 | _aHIN-129812 | ||
| 020 |
_a97881950558174 _c395.00 |
||
| 035 | _aHN-102158 | ||
| 037 | _bDBAD | ||
| 082 | _aउ | ||
| 100 |
_aदेवी, आशापूर्ण _981790 |
||
| 245 |
_aप्रथम प्रतिश्रुति/ _bउषा शर्मा, |
||
| 250 | _aप्रथम | ||
| 260 |
_aनई दिल्ली _bनेशनल पपेरबैक्स _c2021 |
||
| 270 |
_a4230/1,अंसारी रोड, दरियागंज _bनई दिल्ली _e110002 |
||
| 300 |
_a456पृ. _c21सेमी (अजिल्द ) |
||
| 942 |
_2ddc _cHN _hउ _k _mदेवीआ |
||
| 999 |
_c211661 _d211661 |
||